| 000 | 00737cab a2200241 4500 | ||
|---|---|---|---|
| 001 | WB3218-03 | ||
| 008 | 090401t1996 xxu||||| |||| 00| 0 eng d | ||
| 035 | _a(Sirsi) u56081 | ||
| 041 | _aeng | ||
| 245 | _aCommercial property values | ||
| 260 | _c1996 | ||
| 350 | _a0 | ||
| 490 |
_aRICS Press Release _v(PR53.comm) 9 May 1996, (2) |
||
| 520 | _aAccording to the latest RICS/LBS Commercial Property Model, commercial property values will start to rise during 1996. | ||
| 650 | _aCAPITAL VALUES | ||
| 650 | _aCOMMERCIAL PROPERTY PRICES | ||
| 650 | _aLONDON BUSINESS SCHOOL | ||
| 650 | _aRICS | ||
| 650 | _aRICS/LBS COMMERCIAL PROPERTY MODEL | ||
| 690 | _aPROPERTY-COMMERCIAL PROPERTY | ||
| 942 | _n0 | ||
| 948 | _c04/03/1997 | ||
| 999 |
_c34231 _d34231 |
||